| Tag |
First Indicator |
Second Indicator |
Subfields |
| LEADER |
00000uam a2200000 a 4500 |
| 001 |
in00004136913 |
| 005 |
20260128221802.9 |
| 006 |
m o d |
| 007 |
cr cn |
| 008 |
110315s2015 xx o eng |
| 020 |
|
|
|z 9781484201275
|
| 020 |
|
|
|z 9781484201282
|
| 035 |
|
|
|a (CaSebORM)9781484201275
|
| 040 |
|
|
|d UtOrBLW
|
| 041 |
0 |
|
|a eng
|
| 100 |
1 |
|
|a Ottinger, Joseph,
|e author.
|
| 245 |
1 |
0 |
|a Hibernate Recipes :
|b A Problem-Solution Approach, Second Edition /
|c Ottinger, Joseph.
|
| 250 |
|
|
|a 2nd edition.
|
| 264 |
|
1 |
|b Apress,
|c 2015.
|
| 300 |
|
|
|a 1 online resource (284 pages)
|
| 336 |
|
|
|a text
|b txt
|2 rdacontent
|
| 337 |
|
|
|a computer
|b c
|2 rdamedia
|
| 338 |
|
|
|a online resource
|b cr
|2 rdacarrier
|
| 347 |
|
|
|a text file
|
| 520 |
|
|
|a Hibernate Recipes , Second Edition contains a collection of code recipes and templates for learning and building Hibernate solutions for you and your clients, including how to work with the Spring Framework and the JPA. This book is your pragmatic day-to-day reference and guide for doing all things involving Hibernate. There are many books focused on learning Hibernate, but this book takes you further and shows how you can apply it practically in your daily work. Hibernate Recipes, Second Edition is a must have book for your library. Hibernate 4.x continues to be the most popular out-of-the-box, open source framework solution for Java persistence and data/database accessibility techniques and patterns and it works well with the most popular open source enterprise Java framework of all, the Spring Framework. Hibernate is used for e-commerce-based web applications as well as heavy-duty transactional systems for the enterprise.
|
| 533 |
|
|
|a Electronic reproduction.
|b Boston, MA :
|c Safari,
|n Available via World Wide Web.
|d 2015.
|
| 538 |
|
|
|a Mode of access: World Wide Web.
|
| 542 |
|
|
|f Copyright © 2015 By Joseph Ottinger, Srinivas Guruzu and Gary Mak
|g 2015
|
| 588 |
|
|
|a Online resource; Title from title page (viewed March 4, 2015)
|
| 500 |
|
|
|a Electronic resource.
|
| 655 |
|
7 |
|a Electronic books.
|2 local
|
| 700 |
1 |
|
|a Guruzu, Srinivas,
|e author.
|0 http://id.loc.gov/authorities/names/no2015086293
|
| 700 |
1 |
|
|a Mak, Gary,
|e author.
|0 http://id.loc.gov/authorities/names/no2011118852
|
| 710 |
2 |
|
|a Safari, an O'Reilly Media Company.
|
| 856 |
4 |
0 |
|u https://proxy.library.tamu.edu/login?url=https://go.oreilly.com/TAMU/library/view/-/9781484201275/?ar
|z Connect to this electronic resource
|t 0
|
| 999 |
f |
f |
|s a35bfff2-676d-39ee-9ad4-42aaf338c592
|i d56385a3-813e-3867-80fb-63001ce92024
|t 0
|
| 952 |
f |
f |
|a Texas A&M University
|b College Station
|c Electronic Resources
|s www_evans
|d Available Online
|t 0
|h No information provided
|
| 998 |
f |
f |
|t 0
|l Available Online
|